00533nam a22001097a 4500008004100000040005500041080002500096245022200121260005400343300001000397650001600407230622b |||||||| |||| 00| 0 eng d aNational Science LibrarycNational Science Library a628.11:65(082.2)bM7 aIntegrated water resources management for drinking, agriculture and industry: bPolicies and issuesc/ Proceedings first IWRS symposium on integrated................................24-25 January, 1987, Hyderabad (A.P) aRoorkee: bIndian Water Resources Society, c1988 a229p. aProceedings